| 000 | 00678 a2200181 4500 | ||
|---|---|---|---|
| 001 | 132304 | ||
| 020 | _a85-02-00222-8 | ||
| 040 | _cLeonardo Da Vinci | ||
| 041 | _aPortuguês | ||
| 082 |
_a372.83 L967o _bL967o |
||
| 100 | _aLUCCI, Elian Alabi | ||
| 245 |
_aOSPB _borganização social e política do Brasil |
||
| 260 |
_bSaraiva _c1988 _aSão Paulo |
||
| 300 | _a133 | ||
| 362 | _a19880000 | ||
| 697 |
_aCondição social _aEstudos Sociais _aSociedade _aPolítica _aGoverno _aGrupo social _aComunidade _aPovo _aNação _aPátria _aEstado _aRegime político _aDemocracia _aVoto _aSistema de governo _aPoder da União _aPopulação _aCultura _aTrabalho _aDireito social _aBrasil |
||
| 942 | _cBK | ||
| 999 |
_c132304 _d132304 |
||